000 01169nam0a22003131 4500
001 v19\rc\1899105
005 20251118180513.0
035 _a(NLR Aleph) 004990539
090 _a6281271
_c6281271
100 _a20080404d1911 u y0rusy50 ca
101 1 _arus
_ceng
102 _aRU
105 _ay d |||||
200 1 _aПоложение, занимаемое Индией в Британской Империи
_eРеф. прочит. лордом Керзоном в Эдинбурге 19 окт. 1909 г.
_fПер. с англ. подполк. Выгорницкого
210 _aТашкент
_cУпр. окруж. ген.-квартирмейст. штаба Туркест. воен. окр.
_d1911
215 _a44 с.
_d22
700 1 _aКерзон
_bД.Н.
_f1859-1925
_gДжордж Натаниел
801 0 _aRU
_bNLR
_gpsbo
801 0 _aRU
_bRuMoRGB
_2psbo
801 1 _aRU
_bProSoft-M
_2rusmarc
852 _aNLR
_bМф
_jК1/16592
899 _aRuMoRGB
_jΔ 66/526
899 _aRuMoRGB
_jΔ 46/218
899 _aRuMoRGB
_jW 518/823
899 _aRuMoRGB
_jM 76/574
899 _aНБ СПбГУ
899 _aГПИБ
942 _cBOOK
980 _aNB